| 000 | 00462nam a22001817a 4500 | ||
|---|---|---|---|
| 003 | CEME | ||
| 005 | 20210628202904.0 | ||
| 008 | 210203b xxu||||| |||| 00| 0 eng d | ||
| 020 | _a0-07-092118-0 | ||
| 040 | _c. | ||
| 082 | _a612.76 HAL | ||
| 100 |
_aHall, Susan J _962168 |
||
| 245 | _a Basic biomechanics | ||
| 260 |
_aNEW YROK _bWCB _c1999 |
||
| 300 | _aXIX,576P | ||
| 650 |
_aBIOMECHANICS, BIOMECHANICS PROBLEMS EXERCISE, ETC _962169 |
||
| 942 |
_cBK _2ddc |
||
| 999 |
_c571363 _d571363 |
||